Comuni della Provincia di Lecce (con mappa) - Statistics

Statistiche generali
  • Questo quiz è stato fatto 188 volte
  • Il punteggio medio è 54 su 96
Risposte nella Mappa
Le risposte nella mappa del quiz sottostante sono codificate secondo una scala di colori dal rosso al verde in base alla % di persone che hanno risposto correttamente.
 
Statistiche sulle risposte
Risposta % Corretto
Lecce
95%
Gallipoli
94%
Otranto
89%
Maglie
88%
Nardò
86%
Galatina
80%
Tricase
80%
Galatone
79%
Casarano
77%
Ugento
75%
Copertino
74%
Castro
70%
Surbo
70%
Alessano
69%
Porto Cesareo
67%
Trepuzzi
67%
Leverano
65%
Racale
65%
Sannicola
65%
Squinzano
64%
Campi Salentina
63%
Alezio
62%
Matino
62%
Ruffano
62%
Taviano
62%
Parabita
60%
Santa Cesarea Terme
60%
Zollino
60%
Alliste
59%
Castrignano del Capo
59%
Martano
59%
Melendugno
59%
Castrignano de' Greci
58%
Lequile
58%
Taurisano
58%
Veglie
58%
Aradeo
57%
Cavallino
57%
Monteroni di Lecce
57%
Salice Salentino
57%
Scorrano
57%
Uggiano la Chiesa
57%
Botrugno
56%
Neviano
56%
Patù
56%
Specchia
56%
Supersano
56%
Carmiano
54%
Diso
54%
Spongano
54%
Tuglie
54%
Andrano
53%
Cutrofiano
53%
Gagliano del Capo
53%
Novoli
53%
Salve
53%
Calimera
52%
Melpignano
52%
Poggiardo
52%
Arnesano
51%
Miggiano
51%
Presicce-Acquarica
51%
San Cesario di Lecce
51%
San Donato di Lecce
51%
Corigliano d'Otranto
49%
Corsano
49%
Cursi
49%
Melissano
49%
Muro Leccese
49%
Seclì
49%
Vernole
49%
Collepasso
48%
Giuggianello
48%
Martignano
48%
Montesano Salentino
48%
Lizzanello
47%
Giurdignano
46%
Morciano di Leuca
46%
Bagnolo del Salento
44%
Palmariggi
44%
San Cassiano
44%
Sternatia
44%
Cannole
43%
Guagnano
43%
Nociglia
43%
San Pietro in Lama
43%
Sogliano Cavour
43%
Tiggiano
43%
Sanarica
42%
Soleto
42%
Surano
42%
Castri di Lecce
41%
Ortelle
41%
Caprarica di Lecce
37%
Minervino di Lecce
37%
Carpignano Salentino
30%
Nessun quiz corrispondente trovato
Distribuzione punteggi
Percentuale di utenti per punteggio
Percentile per numero di risposta
I tuoi punteggi nel tempo
Non hai fatto questo quiz